1196 1528 1494 1568 1096 1639 1204 1628 1545 1126 1463 1462 1757 1603 1986 1891 1938 1432 1162 1900 1244 1951 1207 1512 1302 1138 1825 1602 1228 1653 1159 1396 1962 1529 1827 1382 1967 1520 1911 1928 1670 1979 1666 1075 1786 1108 1272 1041 1333 1357 2000 1231 1071 1140 1783 1194 1133 1948 1754 1695 1753 1483 1308 1259 1095 1801 1355 1061 1783 1409 1269 1018 1777 1203 1991 1068 1701 1768 1077 1651 1642 1268 1484 1424 1531 1832 1436 1204 1818 1743 1305 1550 1363 1016 1343 1614 1118 1984 1211 BCNSPRNW ULIB Ver.6.0+V

เปลี่ยนเป็นภาษาไทย

Change to English
 แสดงรายละเอียดบรรณานุกรม
  กลับหน้าหลัก

Brief Record : Get Marc (ISO 2709) : E-mail record : QR code < ปิดหน้าต่าง
LEADER : 00000nam 2200000uu 4500
001    13399110480
003     ULIB
008    110601s2551||||th 000 0 tha d
020    9789741149186
060 04 WO375^bว691ต 2551
245 00 วิสัญญีวิทยาคลินิก /^cวิรัตน์ วศินวงศ์ ... [และคนอื่นๆ],บรรณาธิการ
246 14 ตำราวิสัญญีวิทยาคลินิก
250    พิมพ์ครั้งที่ 1
260    สงขลา :^bหน่วยผลิตตำราคณะแพทยศาสตร์มหาวิทยาลัยสงขลานครินทร์,^c2551
300    504 หน้า :^bภาพประกอบ ;^c26 ซม.
650  7 วิสัญญีวิทยา
650  7 ยาระงับความรู้สึก
700 0  วิรัตน์ วศินวงศ์,^eบรรณาธิการ
710 2  มหาวิทยาลัยสงขลานครินทร์. ^bคณะแพทยศาสตร์
945    ^p590^l0^i029490
945    ^p590^l0^i029489
945    ^p590^l0^i029488
945    ^p590^l0^i026929
945    ^p590^l0^i026928
945    ^p590^l0^i024618
945    ^p590^l0^i023903
945    ^p590^l0^i023902
995    ทศพร
999 ^a ใช้งานได้ทุกระบบ
รายการนี้ยังไม่มีแท็ก
คุณยังไม่ได้ล็อกอิน คุณสามารถมีกิจกรรมร่วมกับเว็บไซต์ได้ แต่ต้องล็อกอินก่อน ::
  ล็อกอิน

รายการสื่อสารสนเทศ

ลำดับที่ ประเภท เลขเรียก/บาร์โค้ด สถานที่ สถานะ
- ไม่พบข้อมูล -

รายการใกล้เคียง
    หัวเรื่อง [วิสัญญีวิทยา]
    หัวเรื่อง [ยาระงับความรู้สึก]

BibComment


ยังไม่เคยถูกคอมเมนท์

คอมเมนท์ทรัพยากรรายการนี้
  คอมเมนท์: วิสัญญีวิทยาคลินิ..


 Copyright 2026. Bcnsprnw @Library